000 nam a22 a 4500
999 _c4627
_d4627
005 20170607150035.0
008 170607b2014 ii ||||| |||| 00| 0 eng d
040 _aAKMAL
082 _a363.28 DET
090 _a363.28
_bDET
100 1 _aDr. G Sreekumar Menon, IRS, DG, NACEN
_98907
245 1 0 _aDetection Dog :
_bThe Canine Companion in Customs
_cNational Academy of Customs, Excise & Narcotics Faridabad - 121008
260 _aIndia
_bNational Academy of Customs, Excise & Narcotics
_c2014
300 _a190p
_c24cm
650 _aDetection Dog
_98908
942 _2ddc
_cBOOK